The Colour Atlas of Medicine (Record no. 2260)

000 -LEADER
fixed length control field 00498nam a22001937a 4500
003 - CONTROL NUMBER IDENTIFIER
control field OSt
005 - DATE AND TIME OF LATEST TRANSACTION
control field 20210707092702.0
008 - FIXED-LENGTH DATA ELEMENTS--GENERAL INFORMATION
fixed length control field 210707b ||||| |||| 00| 0 eng d
020 ## - INTERNATIONAL STANDARD BOOK NUMBER
International Standard Book Number -
040 ## - CATALOGING SOURCE
Transcribing agency ALUPE UNIVERSITY
050 ## - LIBRARY OF CONGRESS CALL NUMBER
Classification number R735
Item number .A1M33 2004
100 ## - MAIN ENTRY--PERSONAL NAME
Personal name Andrea Molckovsky [ed]
245 ## - TITLE STATEMENT
Title The Colour Atlas of Medicine
260 ## - PUBLICATION, DISTRIBUTION, ETC.
Place of publication, distribution, etc. Toronto, Canada
Name of publisher, distributor, etc. Toronto Notes Medical Publishing
Date of publication, distribution, etc. 2004
300 ## - PHYSICAL DESCRIPTION
Extent CA68p
440 ## - SERIES STATEMENT/ADDED ENTRY--TITLE
Title Toronto Notes 2004
650 ## - SUBJECT ADDED ENTRY--TOPICAL TERM
Topical term or geographic name entry element Medicine
942 ## - ADDED ENTRY ELEMENTS (KOHA)
Source of classification or shelving scheme
Koha item type Book
Holdings
Withdrawn status Lost status Source of classification or shelving scheme Damaged status Not for loan Permanent Location Current Location Shelving location Date acquired Total Checkouts Full call number Barcode Date last seen Price effective from Koha item type Public note
          AU LIBRARY AU LIBRARY Open Shelf 07.07.2021   R735 .A1M33 2004 28001463 07.07.2021 07.07.2021 Book MW

Powered by Koha